| 000 | 00450nam a2200169Ia 4500 | ||
|---|---|---|---|
| 008 | 190717s9999 xx 000 0 und d | ||
| 100 | _aRomero, Alexis | ||
| 245 | _aEnabling law needed for medical marijuana research/ | ||
| 245 | _cAlexis Romero | ||
| 260 | _bThe Philippine Star | ||
| 260 | _c2019 | ||
| 300 | _aPage 3, January 17 | ||
| 440 |
_aThe Philippine Star _v33: 174 |
||
| 650 | _adrugs | ||
| 650 | _amarijuana | ||
| 650 | _aMedicine | ||
| 999 |
_c361985 _d361985 |
||